000 00499nam a2200169Ia 4500
008 090711s9999 xx 000 0 und d
082 _b77244
100 _aप्रभावळकर दिलीप
245 _aहसवा फसवी
260 _c1995
300 _a80
600 _aप्रभावळकर दिलीप
630 _aहसवा फसवी
700 _aप्रभावळकर दिलीप
730 _aहसवा फसवी
942 _cBOOK
999 _c308510
_d308510